Logo BPK

Biblioteka

Politechniki Koszalińskiej

Słownik polsko-hiszpański hiszpańsko-polski z gramatyką / (Rekord nr 46591)

Szczegóły MARC
000 -ETYKIETA REKORDU
podpole kontrolne o stałej długości 01169nam a2200313 i 4500
001 - NUMER KONTROLNY REKORDU
pole kontrolne bg
003 - IDENTYFIKATOR NUMERU KONTROLNEGO REKORDU
podpole kontrolne BPK
005 - DATA OSTATNIEJ MODYFIKACJI REKORDU
podpole kontrolne 20220307113024.0
008 - POLE O STAŁEJ DŁUGOŚCI - DANE KONTROLNE
podpole kontrolne o stałej długości 051212s2005 pl d |000 0 pol
020 ## - MIĘDZYNARODOWY ZNORMALIZOWANY NUMER KSIĄŻKI - ISBN
ISBN 8360004005
020 ## - MIĘDZYNARODOWY ZNORMALIZOWANY NUMER KSIĄŻKI - ISBN
ISBN 8360004056
040 ## - ŹRÓDŁO KATALOGOWANIA
Instytucja, która utworzyła rekord BPK
041 0# - KOD JĘZYKA
Kod języka tekstu pol
-- esp
080 ## - UNIWERSALNA KLASYFIKACJA DZIESIĘTNA - UKD
UKD 811.162.1'374
080 ## - UNIWERSALNA KLASYFIKACJA DZIESIĘTNA - UKD
UKD 811.134.2'374
245 00 - TYTUŁ/ODPOWIEDZIALNOŚĆ
Tytuł Słownik polsko-hiszpański hiszpańsko-polski z gramatyką /
Pozostałe elementy strefy tytułu i oznaczenia odpowiedzialności [oprac. przez Janinę i Oskara Perlinów ; gramatyka oprac. przez A. Böhringer i zaadapt. przez K. Zagórowską].
260 ## - STREFA ADRESU WYDAWNICZEGO
Miejsce wydania Warszawa :
Nazwa wydawcy/dystrybutora Langenscheidt,
Data publikacji, dystrybucji/powstania dokumentu 2005.
490 1# - STREFA SERII I DOKUMENTU WIELOCZĘŚCIOWEGO - FORMA NIE DO WYSZUKIWANIA
Tytuł i oznaczenie odpowiedzialności serii Biblioteka Gazety Wyborczej
500 ## - UWAGI OGÓLNE
Tekst uwagi Tyt. okł. i grzbiet.: Słownik.T. 5,polsko-hiszpański hiszpańsko-polski.
655 #4 - TERMIN INDEKSOWY - OKREŚLENIE RODZAJU/FORMY DOKUMENTU
Określenie rodzaju/formy dokumentu Słowniki polsko-hiszpańskie.
655 #4 - TERMIN INDEKSOWY - OKREŚLENIE RODZAJU/FORMY DOKUMENTU
Określenie rodzaju/formy dokumentu Słowniki hiszpańsko-polskie.
700 1# - HASŁO DODATKOWE - NAZWA OSOBOWA
Nazwa osobowa Perlin, Janina.
700 1# - HASŁO DODATKOWE - NAZWA OSOBOWA
Nazwa osobowa Perlin, Oskar
Daty związane z nazwą ( -2010).
700 1# - HASŁO DODATKOWE - NAZWA OSOBOWA
Nazwa osobowa Böhringer, A.
700 1# - HASŁO DODATKOWE - NAZWA OSOBOWA
Nazwa osobowa Zagórowska, Kamila.
856 ## - LOKALIZACJA I DOSTĘP DO ELEKTRONICZNYCH DOKUMENTÓW ZDALNYCH
Link (URL) http://koha.tu.koszalin.pl/cgi-bin/koha/opac-detail.pl?biblionumber=46591
Uwaga przeznaczona do użytku publicznego Katalog online BPK
830 ## - HASŁO DODATKOWE SERII LUB DOKUMENTU WIELOCZĘŚCIOWEGO - TYTUŁ UJEDNOLICONY
Tytuł ujednolicony Biblioteka Gazety Wyborczej
942 ## - DODATKOWE ELEMENTY (KOHA)
Typ dokumentu Książka
Schemat klasyfikacji Uniwersalna Klasyfikacja Dziesiętna
Egzemplarze
Wycofany Status egzemplarza Uszkodzony Dostępność Lokalizacja stała Lokalizacja bieżąca Miejsce przechowywania Sygnatura Kod kreskowy Dział Typ dokumentu
      Tylko na miejscu Biblioteka Politechniki Koszalińskiej Biblioteka Politechniki Koszalińskiej Czytelnia BG 76629 02272283 0/9(03) Encyklopedie. Leksykony Książka
© 2023 Biblioteka Politechniki Koszalińskiej :: KOHA